000 00681nam a2200217 u 4500
005 20240831063731.0
008 100422s2000 r 000 0 eng d
020 _a843928117X
035 _aUPN01000175488
049 _aI
050 4 _aPZ74.9
_bP8.3
100 1 _aPuerto, Carlos,
_d1942-
_930387
245 1 3 _aLos extraños viajeros /
_cCarlos Puerto ; il. de Malena Fuentes y Esther Pérez-Cuadrado.
260 _aMadrid :
_bGaviota,
_c2000.
300 _a141 p. :
_bil. col.
440 0 _aGaviota junior.
_pLos niños del unicornio ;
_v8
650 4 _aCuentos infantiles españoles
_97725
650 0 _aHistorias de aventuras
_94131
905 _aLibro
999 _c147592
_d147592